000 00389nam a22001457a 4500
005 20200611114241.0
008 200611b xxu||||| |||| 00| 0 eng d
082 _a345.4 AIR
110 _aALL INDIA REPORTER,
_95984
245 _aALL INDIA REPORTER, [1999] [VOL-86] RAJASTHAN SECTION
260 _aBOMBAY
_bALL INDIA REPORTER,
300 _a248;p
650 _aLAW
_95701
942 _cJRL
999 _c7045
_d7043